<?xml version="1.0" encoding="UTF-8"?>
<record
    xmlns:xsi="http://www.w3.org/2001/XMLSchema-instance"
    xsi:schemaLocation="http://www.loc.gov/MARC21/slim http://www.loc.gov/standards/marcxml/schema/MARC21slim.xsd"
    xmlns="http://www.loc.gov/MARC21/slim">

  <leader>01697nam a2200205Ia 4500</leader>
  <controlfield tag="001">b6662-47618 </controlfield>
  <controlfield tag="003">IT-MiCISF</controlfield>
  <controlfield tag="008">161014s9999||||xx |||||||||||||| ||und||</controlfield>
  <datafield tag="040" ind1=" " ind2=" ">
    <subfield code="a">IT-MiCISF</subfield>
    <subfield code="c">IT-MiCISF</subfield>
  </datafield>
  <datafield tag="041" ind1=" " ind2=" ">
    <subfield code="a">it</subfield>
  </datafield>
  <datafield tag="100" ind1=" " ind2=" ">
    <subfield code="a">Loschi Tiziano</subfield>
  </datafield>
  <datafield tag="245" ind1=" " ind2="0">
    <subfield code="a">Sei un buon pap&#xE0;?</subfield>
    <subfield code="b">Consigli per diventarlo</subfield>
  </datafield>
  <datafield tag="250" ind1=" " ind2=" ">
    <subfield code="a">1a ed.</subfield>
  </datafield>
  <datafield tag="260" ind1=" " ind2=" ">
    <subfield code="a"> Gardolo (TN)</subfield>
    <subfield code="b">Erickson</subfield>
    <subfield code="c">2010</subfield>
  </datafield>
  <datafield tag="300" ind1=" " ind2=" ">
    <subfield code="a">pp. 198</subfield>
  </datafield>
  <datafield tag="500" ind1=" " ind2=" ">
    <subfield code="a"> / paternit&#xE0;, rapporti-padre-figli, relazione-di coppia, crescita-bambini / Ogni uomo pu&#xF2; essere un "buon padre" in tanti modi diversi: non esiste un'unica ricetta magica valida per tutti, ma per una crescita positiva &#xE8; importante che si instauri tra padre e figlio una relazione soddisfacente, una corrispondenza dinamica fra le esigenze del bambino da un lato e gli atteggiamenti, le aspettative, gli interventi del genitore dall'altro. Questo libro vuole offrirsi a ciascun padre come un aiuto a individuare la propria identit&#xE0; e a prendere coscienza della necessit&#xE0; di farsi presenza attiva, consapevole, autorevole, affettuosa, comprensiva e diversa da quella della madre. Propone inoltre utili suggerimenti per seguire e accompagnare efficacemente i propri figli dal periodo prenatale all'adolescenza, insieme a pratiche indicazioni su "che cosa fare" e su "come fare" nei momenti pi&#xF9; difficili della crescita. Saper svolgere positivamente il proprio ruolo nel riconoscimento e nel rispetto dei figli come persone permette di diventare padri "autorevoli" e non "autoritari", ottenendo benefici per i figli, per le madri, ma anche per se stessi.</subfield>
  </datafield>
  <datafield tag="650" ind1=" " ind2=" ">
    <subfield code="a"> Genitorialit&#xE0; e problemi educativi / genitorialit&#xE0;</subfield>
    <subfield code="e">004</subfield>
  </datafield>
  <datafield tag="942" ind1=" " ind2=" ">
    <subfield code="c">BK</subfield>
  </datafield>
  <datafield tag="957" ind1=" " ind2=" ">
    <subfield code="7">1</subfield>
  </datafield>
  <datafield tag="999" ind1=" " ind2=" ">
    <subfield code="a">47618</subfield>
    <subfield code="b">si</subfield>
    <subfield code="g">1</subfield>
    <subfield code="c">210360</subfield>
    <subfield code="d">210360</subfield>
  </datafield>
  <datafield tag="952" ind1=" " ind2=" ">
    <subfield code="0">0</subfield>
    <subfield code="1">0</subfield>
    <subfield code="4">0</subfield>
    <subfield code="6">B_666247618</subfield>
    <subfield code="7">1</subfield>
    <subfield code="a">CISF</subfield>
    <subfield code="b">CISF</subfield>
    <subfield code="d">2016-10-14</subfield>
    <subfield code="l">0</subfield>
    <subfield code="o">b6662-47618 </subfield>
    <subfield code="r">2016-10-14 00:00:00</subfield>
    <subfield code="w">2016-10-14</subfield>
    <subfield code="y">BK</subfield>
    <subfield code="z">Data import 15.10.2016 / by Epidotti, Vaglietti</subfield>
  </datafield>
</record>
